A modern approach to verbal & non-verbal reasoning / (Record no. 153351)
[ view plain ]
| 000 -LEADER | |
|---|---|
| fixed length control field | 01066nam a22002657a 4500 |
| 005 - DATE AND TIME OF LATEST TRANSACTION | |
| control field | 20190710161255.0 |
| 010 ## - LCCN (DPL NO) | |
| LC control number | ENG-123371 B-705538 B-710589 |
| 020 ## - INTERNATIONAL STANDARD BOOK NUMBER | |
| Terms of availability | 825.00 |
| International Standard Book Number | 9789352832163 |
| 035 ## - SYSTEM CONTROL NUMBER | |
| System control number | EN-106903 |
| 035 ## - SYSTEM CONTROL NUMBER | |
| System control number | B-705538 |
| 035 ## - SYSTEM CONTROL NUMBER | |
| System control number | B-710589 |
| 037 ## - SOURCE OF ACQUISITION | |
| Source of stock number/acquisition | DBAD/PUB |
| 037 ## - SOURCE OF ACQUISITION | |
| Source of stock number/acquisition | RK Books |
| Stock number | dpl |
| 082 ## - DEWEY DECIMAL CLASSIFICATION NUMBER | |
| Classification number | 000 |
| 100 ## - MAIN ENTRY--PERSONAL NAME | |
| Personal name | Aggarwal, R.S. |
| 245 00 - TITLE STATEMENT | |
| Title | A modern approach to verbal & non-verbal reasoning / |
| Statement of responsibility, etc | by R.S. Aggarwal |
| 250 ## - EDITION STATEMENT | |
| Edition statement | Rev. ed. |
| 260 ## - PUBLICATION, DISTRIBUTION, ETC. (IMPRINT) | |
| Place of publication, distribution, etc | New Delhi |
| Name of publisher, distributor, etc | S. Chand and Company |
| Date of publication, distribution, etc | 2018 |
| 270 ## - ADDRESS | |
| Address | 7361, Ram Nagar, Qutab Road |
| City | New Delhi |
| Postal code | 110055 |
| 300 ## - PHYSICAL DESCRIPTION | |
| Extent | various paging |
| Dimensions | 27cm(pbk) |
| Other physical details | ill. |
| 500 ## - GENERAL NOTE | |
| General note | useful for campus interviews also. |
| 942 ## - ADDED ENTRY ELEMENTS (KOHA) | |
| Source of classification or shelving scheme | Dewey Decimal Classification |
| Item type | English Books |
| Call number suffix | AGG |
| Classification part | 000 |
| Withdrawn status | Lost status | Not for loan | Collection code | Home library | Current library | Date acquired | Source of acquisition | Cost, normal purchase price | Full call number | Barcode | Copy number | Cost, replacement price | Koha item type | Public note |
|---|---|---|---|---|---|---|---|---|---|---|---|---|---|---|
| Lost and Paid For | Non-fiction | Central Jail Tihar | Central Jail Tihar | 14/09/2018 | RK Books/IN1492/18-19/07-09-18/519/07-09-18/12-09-18 | 825.00 | 000 AGG | B-705538 | 1 | 825.00 | English Books | |||
| Not For Loan | Non-fiction | D.B.Act.Division | Central Library | 04/07/2018 | DBAD/PUB | 825.00 | 000 AGG | EN-106903 | 1 | 825.00 | English Books | Issued to staff (Page No. 65-66) | ||
| Non-fiction | Patel Nagar | Patel Nagar | 18/10/2018 | RK Books/IN1915/18-19/13-10-18/532/04-10-18/15-10-18 | 825.00 | 000 AGG | B-710589 | 1 | 825.00 | English Books | ||||
| Non-fiction | Sarojini Nagar | Sarojini Nagar | 03/08/2018 | 000 AGG | B-701150 | English Books |
